LEADER 01631nam 2200409 a 450 001 9910701167603321 005 20111125132234.0 035 $a(CKB)5470000002415370 035 $a(OCoLC)762796304 035 $a(EXLCZ)995470000002415370 100 $a20111125d2005 uy 0 101 0 $aeng 135 $aurcn||||||||| 181 $ctxt$2rdacontent 182 $cc$2rdamedia 183 $acr$2rdacarrier 200 10$aAudit of FEMA's individuals and households program in Miami-Dade County, Florida, for hurricane Frances$b[electronic resource] 210 1$a[Washington,DC] :$cU.S. Dept. of Homeland Security, Office of Inspector General, Office of Audits,$d[2005] 215 $a1 online resource (63 unnumbered pages) 300 $aTitle from title screen (viewed on Nov. 25, 2011). 300 $a"May 2005." 300 $a"OIG-05-20." 517 3 $aAudit of Federal Emergency Management Agency's individuals and households program in Miami-Dade County, Florida for hurricane Frances 606 $aEmergency management$zFlorida$zMiami-Dade County$xAuditing 606 $aEmergency housing$zFlorida$zMiami-Dade County$xAuditing 606 $aHurricane Frances, 2004 606 $aDisaster relief$zUnited States 615 0$aEmergency management$xAuditing. 615 0$aEmergency housing$xAuditing. 615 0$aHurricane Frances, 2004. 615 0$aDisaster relief 801 0$bGPO 801 1$bGPO 906 $aBOOK 912 $a9910701167603321 996 $aAudit of FEMA's individuals and households program in Miami-Dade County, Florida, for hurricane Frances$93178083 997 $aUNINA LEADER 03976nam1 22007333i 450 001 TO00072911 005 20251003044401.0 100 $a19930330g1969 ||||0itac50 ba 101 | $aita 102 $ait 181 1$6z01$ai $bxxxe 182 1$6z01$an 183 1$6z01$anc$2RDAcarrier 200 1 $aˆLo ‰sviluppo economico in Italia$estoria dell'economia italiana negli ultimi cento anni$fa cura di Giorgio Fuà 210 $aMilano$c Franco Angeli 215 $av.$d22 cm. 225 | $aRicerche di economia applicata 225 | $aPaperbacks$v14 410 0$1001CFI0151498$12001 $aRicerche di economia applicata 410 0$1001SBL0357662$12001 $aPaperbacks$v14 463 1$1001MIL0258967$12001 $aˆ2: Gli ‰aspetti generali$fscritti di V. Balloni ... [et al.]$v2 463 1$1001MIL0270065$12001 $aˆ1: ‰Lavoro e reddito$fdi Giorgio Fua$v1 463 1$1001MOL0112115$12001 $aˆ1: ‰Lavoro e reddito$fdi Giorgio Fua 463 1$1001SBL0081222$12001 $aˆVol. 3: ‰Studi di settore e documentazione di base$fscritti di L. Bruni ... [et al.]$v3 463 1$1001SBL0085712$12001 $aˆ2: Gli ‰aspetti generali$fscritti di V. Balloni ...[et al.]$v2 463 1$1001SBL0340647$12001 $aˆ1: ‰Lavoro e reddito$fdi Giorgio Fua$v1 463 1$1001SBL0557176$12001 $aˆ2: Gli ‰aspetti generali$fscritti di V. Balloni ... [et al.]$v2 463 1$1001SBL0560171$12001 $aˆ3: ‰Studi di settore e documentazione di base$fscritti di L. Bruni ...[et al.] $v3 463 1$1001TO00073016$12001 $aˆ3: ‰Studi di settore e documentazione di base$fscritti di L. Bruni ... [et al.]$v3 463 1$1001UFI0240318$12001 $aˆ1: ‰Lavoro e reddito$fGiorgio Fuà$v1 500 11$aˆLo ‰sviluppo economico in Italia.$3MSE0073043$967521 606 $aItalia$xEconomia$xSec. 19.-20.$2FIR$3CFIC006451$9I 606 $aECONOMIA$xITALIA$2FIR$3IEIC014856$9E 676 $a330.945$9SITUAZIONI E CONDIZIONI ECONOMICHE. Italia$v20 676 $a330.945$9SITUAZIONI E CONDIZIONI ECONOMICHE. ITALIA$v23 676 $a330.94509$9SITUAZIONI E CONDIZIONI ECONOMICHE. ITALIA. 1900-$v19 676 $a338.945$9SVILUPPO ECONOMICO E POLITICHE DI SVILUPPO. Italia$v12 676 $a338.945$9SVILUPPO ECONOMICO E POLITICHE DI SVILUPPO. Italia$v20 676 $a338.945$9SVILUPPO ECONOMICO. Italia$v21 676 $a338.945$9Sviluppo e crescita economica. Italia$v22 686 $aIT/X430.0$cECONOMIA E SOCIETA ITALIA$2R 686 $aSe.i.0$cStoria dell'economia italiana. Opere generali$2F 686 $aSe.i.7.0$cStoria dell'economia italiana. Lo sviluppo del capitalismo (1860-1914)$2F 686 $aSe.i.8.0$cStoria dell'economia italiana. 1915-1918. L'economia di guerra$2F 696 $aEconomia reale$aAttività economiche$aAspetti economici 696 $aEconomia reale$aAttività economiche$aAspetti economici 699 $aEconomia$yEconomia reale 699 $aEconomia$zAttività economiche 699 $aEconomia$zAspetti economici 699 $aEconomia$yEconomia reale 699 $aEconomia$zAttività economiche 699 $aEconomia$zAspetti economici 702 1$aFuà$b, Giorgio$3CFIV001832$4340 801 3$aIT$bIT-000000$c19930330 850 $aIT-BN0095 $aIT-NA0230 $aIT-NA0452 $aIT-NA0817 901 $bNAP OS$cBIBLIOTECA$n$ 901 $bNAP IS$cISSM $nSezione di studi sociali dell'attuale Istituto di studi sulle società del Mediterraneo 901 $bNAP 01$cPOZZO LIB.$nVi sono collocati fondi di economia, periodici di ingegneria e scienze, periodici di economia e statistica e altri fondi comprendenti documenti di economia pervenuti in dono. 912 $aTO00072911 950 1$aBiblioteca Centralizzata di Ateneo$cv. 1-3$d 01POZZO LIB.ECON MON 6061$cv. 1-2$d 01POZZO LIB.F. SANTI 116 967 $m10 977 $a 01$a BI$a IR$a IS$a OS 996 $aSviluppo economico in Italia$967521 997 $aUNISANNIO LEADER 04426nam 22006615 450 001 9910254762503321 005 20251030103924.0 010 $a9781137318619 010 $a1137318619 024 7 $a10.1057/978-1-137-31861-9 035 $a(CKB)4340000000223116 035 $a(DE-He213)978-1-137-31861-9 035 $a(MiAaPQ)EBC5161008 035 $a(Perlego)3486552 035 $a(EXLCZ)994340000000223116 100 $a20171124d2017 u| 0 101 0 $aeng 135 $aurnn#008mamaa 181 $ctxt$2rdacontent 182 $cc$2rdamedia 183 $acr$2rdacarrier 200 14$aThe 'Black Horror on the Rhine' $eIntersections of Race, Nation, Gender and Class in 1920s Germany /$fby Iris Wigger 205 $a1st ed. 2017. 210 1$aLondon :$cPalgrave Macmillan UK :$cImprint: Palgrave Macmillan,$d2017. 215 $a1 online resource (XV, 389 p. 27 illus.) 311 08$a9781349594856 311 08$a1349594857 311 08$a9780230343610 311 08$a0230343619 320 $aIncludes bibliographical references and index. 327 $a1. Introduction -- 1.1. An ?outrageous humiliation and rape of a highly cultivated white race by a still half barbaric coloured?. Mapping the ?Black Shame? Campaign -- 1.2 A ?propaganda campaign of enormous dimensions? The ?Black Horror? in scholarly debates -- 1.3 A treachery of the ?women?s world?, ?the People? and ?Race?; The ?Black Shame? discourse as a conglomerate of racist discrimination -- 2 Women?s bodies, alien bodies and the racial body of the German Volk; The rhetoric structure of the ?Black Shame? Stereotype -- 2.1 A ?violation of the rules of European civilisation?; The ?Black Horror? as international campaign -- 2.2 Spreading the ?völkish spark? of German solidarity; The national dividend of the ?Black Horror? -- 3. Race, Gender, Nation,Class; The social construction of the ?Black Shame? -- 3.1 'Black Shame? and ?White Woman?; Women?s bodies as medium of racist discrimination -- 3.2 The ?Black Shame? as the decline of the occident. The fiction of a threatened white race -- 3.3 France?s attack on the cultured Nations; The continuation of War with racist means -- 3.4 For the sake of the Fatherland The reconciliation of class society in the community of the people -- 4. Conclusions. . 330 $aThis book explores the 'Black Horror' campaign as an important chapter in the popularisation of racialised discourse in European history. Originating in early 1920s Germany, this international racist campaign was promoted through modern media, targeting French occupation troops from colonial Africa on German soil and using stereotypical images of 'racially primitive', sexually depraved black soldiers threatening and raping 'white women' in 1920s Germany to generate widespread public concern about their presence. The campaign became an international phenomenon in Post-WWI Europe, and had followers throughout Europe, the US and Australia. Wigger examines the campaign's combination of race, gender, nation and class as categories of social inclusion and exclusion, which led to the formation of a racist conglomerate of interlinked discriminations. Her book offers readers a rare insight into a widely forgotten chapter of popular racism in Europe, and sets out the benefits of a historically reflexive study of racialised discourse and its intersectionality. 606 $aCivilization$xHistory 606 $aEurope, Central$xHistory 606 $aCulture$xStudy and teaching 606 $aSociology 606 $aSocial history 606 $aCultural History 606 $aHistory of Germany and Central Europe 606 $aCultural Studies 606 $aSociological Theory 606 $aSocial History 615 0$aCivilization$xHistory. 615 0$aEurope, Central$xHistory. 615 0$aCulture$xStudy and teaching. 615 0$aSociology. 615 0$aSocial history. 615 14$aCultural History. 615 24$aHistory of Germany and Central Europe. 615 24$aCultural Studies. 615 24$aSociological Theory. 615 24$aSocial History. 676 $a306.09 700 $aWigger$b Iris$4aut$4http://id.loc.gov/vocabulary/relators/aut$0994039 906 $aBOOK 912 $a9910254762503321 996 $aThe 'Black Horror on the Rhine$92276597 997 $aUNINA